000 00731nam a2200229Ia 4500
999 _c41257
_d41257
001 7910
003 GE_BSU
005 20220930120527.0
008 181216sru 2007xx |||||||||||||| ||rus||
020 _a5030037861
040 _cGE_BSU
041 _arus
080 _a541.1 Э-90
100 _aЭткинс,П.
_914917
245 _aФизическая химия. Ч.1 :
_bРавновесная термодинамика /
_cП. Эткинс
264 _aМосква :
_bМир,
_c2007.
300 _a494 стр.:
_bилл;
_c24 см.
653 _aРавновесная термодинамика
653 _aФизическая химия.
653 _aᲤიზიკური ქიმია.
942 _cBK
_2udc